| 000 -LEADER |
| fixed length control field |
00843nam a22002297a 4500 |
| 005 - DATE AND TIME OF LATEST TRANSACTION |
| control field |
20240502104238.0 |
| 008 - FIXED-LENGTH DATA ELEMENTS--GENERAL INFORMATION |
| fixed length control field |
240502s2003 enk||||| |||| 00| 0 eng d |
| 020 ## - INTERNATIONAL STANDARD BOOK NUMBER |
| International Standard Book Number |
9789997621122x |
| 041 ## - LANGUAGE CODE |
| Language code of text/sound track or separate title |
eng |
| 080 ## - UNIVERSAL DECIMAL CLASSIFICATION NUMBER |
| Universal Decimal Classification number |
617.3 S-66 |
| 245 ## - TITLE STATEMENT |
| Title |
Skeletal Trauma: |
| Remainder of title |
Basic Science, Management, and Reconstruction. Volume 1 / |
| Statement of responsibility, etc. |
Bruce Browner; Jesse Jupiter; Alan Levine; Peter Trafton. |
| 250 ## - EDITION STATEMENT |
| Edition statement |
3rd Edition |
| 264 ## - PRODUCTION, PUBLICATION, DISTRIBUTION, MANUFACTURE, AND COPYRIGHT NOTICE |
| Place of production, publication, distribution, manufacture |
Philadelphia : |
| Name of producer, publisher, distributor, manufacturer |
Saunders, |
| Date of production, publication, distribution, manufacture, or copyright notice |
2003. |
| 300 ## - PHYSICAL DESCRIPTION |
| Extent |
1149 p.: |
| Other physical details |
ill.; |
| Dimensions |
29 cm. |
| 653 ## - INDEX TERM--UNCONTROLLED |
| keyword |
ჩონჩხის ტრავმა |
| 653 ## - INDEX TERM--UNCONTROLLED |
| keyword |
მედიცინა |
| 700 ## - ADDED ENTRY--PERSONAL NAME |
| Personal name |
Browner, Bruce |
| Relator term |
ავტორი |
| 9 (RLIN) |
22030 |
| 700 ## - ADDED ENTRY--PERSONAL NAME |
| Personal name |
Jupiter, Jesse |
| Relator term |
ავტორი |
| 9 (RLIN) |
22027 |
| 700 ## - ADDED ENTRY--PERSONAL NAME |
| Personal name |
Levine, Alan |
| Relator term |
ავტორი |
| 9 (RLIN) |
22028 |
| 700 ## - ADDED ENTRY--PERSONAL NAME |
| Personal name |
Trafton, Peter |
| Relator term |
ავტორი |
| 9 (RLIN) |
22029 |
| 942 ## - ADDED ENTRY ELEMENTS (KOHA) |
| Source of classification or shelving scheme |
|
| Koha item type |
წიგნი |